00595nam a2200157Ia 4500008004100000020002200041082001900063100004300082245007800125260002500203300001000228650003600238700005300274952009300327999001700420120629s9999 xx 000 0 und d a978-970-650-563-7 a428.3461 B847s aBrewster, Simon Paoli Bolio, Francisco aSky high : student's book 4 / Simon Brewster, Paul Davies, Mickey Rogers aMéxico : Macmillan a127 p a1. INGLES-ESTUDIO Y ENSEÑANZA aDavies, Paul; coaut. \ Rogers, Mickey; coaut.Ì 00104070a15b15d2008-06-16l0o428.3461 B847Sp15 002884r2017-12-07w2012-06-28yLB c76242d76242